Sports Quiz

Random Sports or NBA Quiz

NBA Game Highs by Team (2010-11) Quiz Stats

 Plays Quiz Updated Aug 27, 2012

Challenge
Share
Tweet
Embed
Score 0/150 Timer 11:00
15 Plays Today
% Correct
Lebron James
95.7%
Lebron James
95.7%
Lebron James
95.7%
Joel Anthony and Dwyane Wade
95%
Kevin Garnett
93.8%
Derrick Rose
93.1%
Derrick Rose
93.1%
Carmelo Anthony
93%
Carmelo Anthony
93%
Rajon Rondo
92.9%
Rajon Rondo
92.9%
Kobe Bryant
92.8%
Kobe Bryant
92.8%
Derrick Rose, Keith Bogans, Ronnie Brewer
92.5%
Ray Allen
92.4%
5 Tied
92.4%
Joe Johnson
87.5%
Joe Johnson
87.5%
Dirk Nowitzki
87.3%
Kevin Durant
87%
Kevin Durant
87%
Al Horford and Josh Smith
87%
Dwight Howard
86.2%
Dwight Howard
86.2%
Dwight Howard
86.2%
Amir Johnson
86.1%
Chris Paul
85.8%
Chris Paul
85.8%
Deron Williams
85.1%
Deron Williams
85.1%
Mo Williams
85%
Jeff Teague, Jamal Crawford, Josh Smith
85%
David West
83.6%
Steve Nash
82.1%
Blake Griffin
82%
Richard Hamilton and Ben Wallace
81.6%
Manu Ginobili and Tony Parker
81.1%
Jason Kidd
81.1%
Jason Kidd
81.1%
Tony Parker
80.7%
Tony Parker
80.7%
Tim Duncan
80.7%
Tim Duncan
80.7%
Nazr Mohammed, Tyrus Thomas, Gerald Wallace
80%
Russell Westbrook
79.7%
Stephen Curry and Monta Ellis
79.7%
Russell Westbrook and Thabo Sefolosha
79.5%
Joakim Noah
79.3%
Kevin Love
79.2%
Kevin Love
79.2%
% Correct
Carlos Boozer
77.9%
Amare Stoudemire
77.8%
John Wall
77.6%
Amare Stoudemire and Ronny Turiaf
77.5%
Zach Randolph and Rudy Gay
76.9%
Al Horford
76.1%
Monta Ellis
75.8%
Monta Ellis
75.8%
4 Tied
75.1%
Andrew Bynum
74.7%
Andrew Bynum
74.7%
Richard Hamilton and Ben Gordon
74.2%
Danny Granger
72.1%
Danny Granger
72.1%
Zach Randolph
71.6%
Jermaine O'Neal and Shaquille O'Neal
71%
Baron Davis
70.6%
Rudy Gay
66.1%
Chris Andersen and Wilson Chandler
65.5%
Jameer Nelson and Hedo Turkoglu
65%
4 Tied
62.9%
Brandon Jennings
61.3%
Andrew Bogut
59.9%
Brook Lopez
58.5%
Brook Lopez
58.5%
LaMarcus Aldridge
57.6%
LaMarcus Aldridge
57.6%
Kevin Martin
56.7%
Raymond Felton
56.4%
Raymond Felton
56.4%
Raymond Felton
56.4%
Antawn Jamison
54.8%
Reggie Evans
54.2%
Stephen Jackson
53.7%
Mike Conley
53.1%
Mike Conley
53.1%
Andre Iguodala
52.8%
Elton Brand and Spencer Hawes
52.2%
Elton Brand
51.4%
Elton Brand
51.4%
Andre Miller
50.1%
Darren Collison and Paul George
50%
Serge Ibaka
49.8%
Patrick Patterson, Shane Battier, Jordan Hill
49.4%
Jamario Moon, Anderson Varejao, JJ Hickson
48.2%
Emeka Okafor
47.9%
Emeka Okafor
47.9%
Vince Carter
46.5%
Al Jefferson
45.9%
Al Jefferson
45.9%
% Correct
Darren Collison
45.9%
Gilbert Arenas
44.7%
DeAndre Jordan
44.2%
DeAndre Jordan
44.2%
JJ Hickson
43.3%
5 Tied
42.7%
Roy Hibbert
42.4%
Ty Lawson
40.5%
Jason Richardson
38.7%
Corey Brewer and Michael Beasley
38.6%
Nazr Mohammed
37.1%
Rodney Stuckey
36.8%
Hedo Turkoglu
36.3%
Marcus Camby
33.8%
Tracy McGrady
33.2%
DJ Augustin
33%
DJ Augustin
33%
Brendan Haywood
32.1%
Brendan Haywood
32.1%
Paul Millsap
32.1%
Paul Millsap
32.1%
Andrea Bargnani
31.4%
Kyle Lowry
30.4%
Kyle Lowry
30.4%
Javale McGee
30.4%
Nick Young
29.9%
Jrue Holiday
29.6%
Jose Calderon
29%
Andris Biedrins
28.2%
Kris Humphries
27.6%
Jonny Flynn
27.1%
Marcin Gortat
26.2%
Marcin Gortat
26.2%
Greg Monroe
23.6%
Andray Blatche
21.6%
Samuel Dalembert
21.1%
Samuel Dalembert
21.1%
Marcus Thornton and Omri Casspi
18.1%
Chuck Hayes
17.1%
Marcus Thornton
16.7%
Eric Bledsoe
15.9%
Beno Udrih
14.7%
Landry Fields
14.7%
Darko Milicic
14.1%
Ekpe Udoh
9.8%
Drew Gooden
9.8%
Jamaal Magloire
8.5%
Sasha Vujacic, Jordan Farmar and Sundiata Gaines
8.2%
Larry Sanders
7.3%
Alonzo Gee
6.5%

You're not logged in!

Compare scores with friends on all Sporcle quizzes.
Join for Free
OR
Log In

You Might Also Like...

Show Comments

Extras

Top Quizzes Today


Score Distribution

Your Account Isn't Verified!

In order to create a playlist on Sporcle, you need to verify the email address you used during registration. Go to your Sporcle Settings to finish the process.

Report this User

Report this user for behavior that violates our Community Guidelines.

Details: